Statistics for Bordering Cities With The Same Name (U.S.)

Click here to take the quiz!

General Stats

  • This quiz has been taken 19 times
    (10 since last reset)
  • The average score is 3 of 7

Answer Stats

BorderCities% Correct
Kansas | MissouriKansas City
89%
Arkansas | TexasTexarkana
67%
New York | OntarioNiagara Falls
33%
Arizona | SonoraNogales
33%
Michigan | OntarioSault Ste. Marie
33%
Tennessee | VirginiaBristol
22%
Virginia | West VirginiaBluefield
11%

Score Distribution

Percentile by Number Answered

Percent of People with Each Score

Your Score History

You have not taken this quiz since the last reset